Tres palabras y una mujer ; (Record no. 113452)

MARC details
000 -LEADER
campo de control de longitud fija 00946nam a2200277 i 4500
001 - NÚMERO DE CONTROL
campo de control 113452
003 - IDENTIFICADOR DE NÚMERO DE CONTROL
campo de control ES-MaACL
005 - FECHA Y HORA DE LA ÚLTIMA TRANSACCIÓN
campo de control 20230906185910.0
007 - CAMPO FIJO DE DESCRIPCIÓN FÍSICA--INFORMACIÓN GENERAL
campo de control de longitud fija t|
008 - DATOS DE LONGITUD FIJA--INFORMACIÓN GENERAL
campo de control de longitud fija 061121s1954 ve r ||||1| spa d
080 ## - NÚMERO DE LA CLASIFICACIÓN DECIMAL UNIVERSAL
Número de la Clasificación Decimal Universal 86.0(87)-321.2"19"
100 1# - ENTRADA PRINCIPAL--NOMBRE DE PERSONA
Nombre de persona Palacios, Lucila.
9 (RLIN) 88411
245 10 - MENCIÓN DEL TÍTULO
Título Tres palabras y una mujer ;
Resto del título seguida de La gran serpiente ; Niebla ; Tierra de leyenda ; Guayana ; El "demonio" de Stefan Zweig /
Mención de responsabilidad, etc. Lucila Palacios ; prólogo de Pedro Díaz Seijas.
260 ## - PUBLICACIÓN, DISTRIBUCIÓN, ETC.
Lugar de publicación, distribución, etc. Caracas :
Nombre del editor, distribuidor, etc. Aguilar,
Fecha de publicación, distribución, etc. 1954.
300 ## - DESCRIPCIÓN FÍSICA
Extensión 627 p., 1 retr. autora ;
Dimensiones 12 cm.
490 1# - MENCIÓN DE SERIE
Mención de serie Colección de autores venezolanos
700 1# - ENTRADA AGREGADA--NOMBRE PERSONAL
Nombre de persona Díaz Seijas, Pedro.
9 (RLIN) 44429
740 32 - ENTRADA AGREGADA--TÍTULO RELACIONADO/ANALÍTICO NO CONTROLADO
Título relacionado o analítico no controlado La gran serpiente.
740 02 - ENTRADA AGREGADA--TÍTULO RELACIONADO/ANALÍTICO NO CONTROLADO
Título relacionado o analítico no controlado Niebla.
740 02 - ENTRADA AGREGADA--TÍTULO RELACIONADO/ANALÍTICO NO CONTROLADO
Título relacionado o analítico no controlado Tierra de leyenda.
740 02 - ENTRADA AGREGADA--TÍTULO RELACIONADO/ANALÍTICO NO CONTROLADO
Título relacionado o analítico no controlado Guayana.
740 32 - ENTRADA AGREGADA--TÍTULO RELACIONADO/ANALÍTICO NO CONTROLADO
Título relacionado o analítico no controlado El "demonio" de Stefan Zweig.
830 1# - PUNTO DE ACCESO ADICIONAL DE SERIE-TÍTULO UNIFORME
Título uniforme Colección de autores venezolanos
9 (RLIN) 233191
852 4# - LOCALIZACIÓN
Ubicación ES-MaACL
Número de control de estantería C-10150
Holdings
Estatus retirado Estado de pérdida Estado de daño No para préstamo Biblioteca de origen Biblioteca actual Ubicación en estantería Fecha de adquisición Fuente de adquisición Total de préstamos Signatura topográfica completa Código de barras Visto por última vez Precio de reemplazo Tipo de ítem Koha
        Biblioteca del Ateneo de Madrid Biblioteca del Ateneo de Madrid Sala Palomar 17/01/2008     C-10150 1118327 23/02/2023 23/02/2023 Libro impreso